| 000 | 00463ntaaa2200181 4500 | ||
|---|---|---|---|
| 003 | 01 | ||
| 005 | 20251027202604.0 | ||
| 008 | 0714s1973 ag 01 | ||
| 040 |
_aAR-BaBN _bspa _cAR-BaBN _eaacr _dRIC |
||
| 082 | _a320.9000 P88 | ||
| 100 |
_aPradal, Eduardo _925054 |
||
| 245 | _aNociones de instrucción cívica y moral | ||
| 250 | _a1 ed. | ||
| 260 |
_aBuenos Aires : _bEd. Luis Lasserre, _cn.f. |
||
| 300 | _a209 p | ||
| 650 | _aciencia política | ||
| 942 | _cBK | ||
| 999 |
_c20999 _d20999 |
||